My eight book / (Record no. 102059)
[ view plain ]
| 000 -LEADER | |
|---|---|
| fixed length control field | 00798nam a2200205 a 4500 |
| 005 - DATE AND TIME OF LATEST TRANSACTION | |
| control field | 20140412111226.0 |
| 008 - FIXED-LENGTH DATA ELEMENTS--GENERAL INFORMATION | |
| fixed length control field | 020412s19uu xx 00 eng d |
| 020 ## - INTERNATIONAL STANDARD BOOK NUMBER | |
| International Standard Book Number | 0-89565-319-2 |
| 050 ## - LIBRARY OF CONGRESS CALL NUMBER | |
| Classification number | TR(GS 513 |
| Item number | M74 1985 |
| 100 ## - MAIN ENTRY--PERSONAL NAME | |
| Personal name | Moncure, Jane Belk |
| 245 ## - TITLE STATEMENT | |
| Title | My eight book / |
| Statement of responsibility, etc | by Jane Belk Moncure; illustrated by Linda Hohag. |
| 260 ## - PUBLICATION, DISTRIBUTION, ETC. (IMPRINT) | |
| Place of publication, distribution, etc | Elgin, Illinois : |
| Name of publisher, distributor, etc | The Child's World, |
| Date of publication, distribution, etc | 1985. |
| 300 ## - PHYSICAL DESCRIPTION | |
| Extent | 32 p. ; ill. |
| 440 ## - SERIES STATEMENT/ADDED ENTRY--TITLE | |
| Title | My number book--My first steps to math |
| 520 ## - SUMMARY, ETC. | |
| Summary, etc | Little Eight introduces the concept of "eight" by interacting with eight of a number of things, some of which are grouped to further expose the reader to subtracting and dividing. |
| 650 ## - SUBJECT ADDED ENTRY--TOPICAL TERM | |
| Topical term or geographic name as entry element | Eight (the number) |
| General subdivision | Juvenile literature |
| 650 ## - SUBJECT ADDED ENTRY--TOPICAL TERM | |
| Topical term or geographic name as entry element | Number concept |
| 650 ## - SUBJECT ADDED ENTRY--TOPICAL TERM | |
| Topical term or geographic name as entry element | Counting |
| Withdrawn status | Lost status | Damaged status | Use restrictions | Home library | Current library | Shelving location | Date acquired | Source of acquisition | Total Checkouts | Full call number | Barcode | Date last seen | Price effective from | Koha item type |
|---|---|---|---|---|---|---|---|---|---|---|---|---|---|---|
| Elizalde Library | Elizalde Library | Teachers Reference Section | 04/12/2002 | TR(GS 513 M74 1985 | E0384 | 04/12/2014 | 04/12/2014 | Books |